| 000 -LEADER |
| fixed length control field |
01323pab a2200193 454500 |
| 008 - FIXED-LENGTH DATA ELEMENTS--GENERAL INFORMATION |
| fixed length control field |
180718b2007 xxu||||| |||| 00| 0 eng d |
| 100 ## - MAIN ENTRY--PERSONAL NAME |
| Personal name |
Swedberg, Richard |
| 245 ## - TITLE STATEMENT |
| Title |
Max Weber's interpretive economic sociology |
| 260 ## - PUBLICATION, DISTRIBUTION, ETC. |
| Date of publication, distribution, etc. |
2007 |
| 300 ## - PHYSICAL DESCRIPTION |
| Extent |
p.1035-055. |
| 362 ## - DATES OF PUBLICATION AND/OR SEQUENTIAL DESIGNATION |
| Dates of publication and/or sequential designation |
Apr |
| 520 ## - SUMMARY, ETC. |
| Summary, etc. |
Economic sociology needs more ideas, and in this article the author suggests that economic sociologists may want to explore what a rigorous interpretive economic sociolgogy along Weberian lines would look like. One way to proceed in an enterprise of this type would be to apply the model of analysis that can be found in chapter I of Economy and Society to economic sociology and its problems. This means that one has to graft onto economic sociology such key ideas and key concepts in Weber's interpretive sociology as adequate causation, the need to always explore the meaning of actors, and what consequences these meanings have for the resulting action. What a concrete Weberian type of interpretive economic sociology will be like cannot, however, be determined this way. It needs instead to be worked out through concrete, empirical analysis. - Reproduced. |
| 650 ## - SUBJECT ADDED ENTRY--TOPICAL TERM |
| Topical term or geographic name entry element |
Meber, Max |
| 650 ## - SUBJECT ADDED ENTRY--TOPICAL TERM |
| Topical term or geographic name entry element |
Sociology |
| 650 ## - SUBJECT ADDED ENTRY--TOPICAL TERM |
| Topical term or geographic name entry element |
Economic sociology |
| 773 ## - HOST ITEM ENTRY |
| Main entry heading |
American Behavioral Scientist |
| 908 ## - PUT COMMAND PARAMETER (RLIN) |
| Put command parameter |
N |
| 909 ## - |
| -- |
73845 |